Nuclear many-body problem (Record no. 45394)

MARC details
000 -LEADER
fixed length control field 00436nam a2200157 4500
020 ## - INTERNATIONAL STANDARD BOOK NUMBER
International Standard Book Number 3540098208
082 ## - DEWEY DECIMAL CLASSIFICATION NUMBER
Classification number CB
Item number 530.144 RIN
100 ## - MAIN ENTRY--PERSONAL NAME
Personal name Ring, Peter
245 ## - TITLE STATEMENT
Title Nuclear many-body problem
Statement of responsibility, etc. Peter Ring and Peter Schuck
260 ## - PUBLICATION, DISTRIBUTION, ETC.
Place of publication, distribution, etc. New York
Name of publisher, distributor, etc. Springer-Verlag
Date of publication, distribution, etc. c1980
300 ## - PHYSICAL DESCRIPTION
Extent xvii,716p.:fig.; 23cm.-
490 ## - SERIES STATEMENT
Series statement Texts and monographs in physics
650 ## - SUBJECT ADDED ENTRY--TOPICAL TERM
Topical term or geographic name entry element Nuclear physics
650 ## - SUBJECT ADDED ENTRY--TOPICAL TERM
Topical term or geographic name entry element Physics
710 ## - ADDED ENTRY--CORPORATE NAME
Corporate name or jurisdiction name as entry element Schuck, Peter
Holdings
Withdrawn status Lost status Damaged status Not for loan Collection code Home library Current library Date acquired Total Checkouts Full call number Barcode Date last seen Price effective from Koha item type Copy number
          North Eastern Hill University North Eastern Hill University 24/11/2011   CB 530.144 RIN 100405 24/11/2011 24/11/2011 Books  
        RESEARCH PROJECT North Eastern Hill University North Eastern Hill University 24/11/2011   CB 530.144 RIN RP239B 24/11/2011 24/11/2011 Books ;1